000 00720nam a2200205 u 4500
005 20231127132952.0
008 150525s1995 ea r 000 0 spa d
020 _a0152000321
035 _aUPN01000203746
049 _aI
050 4 _aE78 S7
_bM2.3
100 1 _aMcDermott, Gerald,
_d1941-2012
_937652
245 1 0 _aCoyote :
_bun cuento folklórico del sudoeste de Estados Unidos /
_cadaptación e il. por Gerald McDoermott ; tr. Aída E. Marcuse.
260 _aSan Diego, Cal. :
_bLibros Viajeros,
_c1995.
300 _a[31] p. :
_bil. col.
650 4 _aIndígenas de América del Norte
_xFolklore
_924077
650 4 _aCOYOTE (PERSONAJE LEGENDARIO) -
_xFOLKLORE
_924078
905 _aInfantil
999 _c175847
_d175847